Report of a study of user needs for data digitised from small scale maps / compiled from reports on sub - studies by [the] Ordanance Survey, Beaton Research Associates Ltd [and] Natural Environment Research Council (Record no. 86558)

MARC details
000 -LEADER
fixed length control field 00707cam a2200193 4500
001 - CONTROL NUMBER
control field D7663
008 - FIXED-LENGTH DATA ELEMENTS--GENERAL INFORMATION
fixed length control field 090401t1984 xxu||||| |||| 00| 0 eng d
035 ## - SYSTEM CONTROL NUMBER
System control number (Sirsi) u8763
041 ## - LANGUAGE CODE
Language code of text/sound track or separate title eng
050 ## - LIBRARY OF CONGRESS CALL NUMBER
Classification number 526.0285
110 ## - MAIN ENTRY--CORPORATE NAME
Corporate name or jurisdiction name as entry element Ordnance Survey
9 (RLIN) 1860
245 ## - TITLE STATEMENT
Title Report of a study of user needs for data digitised from small scale maps / compiled from reports on sub - studies by [the] Ordanance Survey, Beaton Research Associates Ltd [and] Natural Environment Research Council
260 ## - PUBLICATION, DISTRIBUTION, ETC.
Place of publication, distribution, etc. Southampton
Name of publisher, distributor, etc. Ordnance Survey
Date of publication, distribution, etc. 1984
300 ## - PHYSICAL DESCRIPTION
Extent iii. 29p. 30cm
350 ## - PRICE (NR) (BK AM CF MU VM SE) [OBSOLETE]
Price 5
520 ## - SUMMARY, ETC.
Summary, etc. Cover title: Report of the small scales digital map data: user needs survey
942 ## - ADDED ENTRY ELEMENTS (KOHA)
Suppress in OPAC 0
948 ## - LOCAL PROCESSING INFORMATION (OCLC); SERIES PART DESIGNATOR (RLIN)
c (OCLC) 04/03/1997
Holdings
Withdrawn status Lost status Source of classification or shelving scheme Damaged status Not for loan Home library Current library Shelving location Date acquired Cost, normal purchase price Total Checkouts Full call number Barcode Date last seen Copy number Cost, replacement price Price effective from Koha item type
    Dewey Decimal Classification     London London Basement 14/09/1999 5.00   SHELF 202 30003963 06/08/2019 1 5.00 06/08/2019 Book